The little toy train

Bibliographic Details
Main Author: Lim, Ai Ling
Format: Book
Published: Kuala Lumpur : Cipta Publishing , 2003
Series:Basic english readers series 2
Subjects:

MARC

LEADER 00000cam a2200000 7i4500
001 0000047341
005 20220105103847.0
008 150511
020 |a 9789838092579 
020 |a 9838092576 
090 0 0 |a JF   |b ENG 
100 1 |a Lim, Ai Ling 
245 1 4 |a The little toy train   |c Lim Ai Ling 
260 |a Kuala Lumpur :   |b Cipta Publishing ,   |c 2003 
300 |a [s.n.] :   |b col.ill. 
490 1 |a Basic english readers series 2 
500 |a Children age 4-6 years old (yellow) 
650 0 |a Children stories   |x English 
999 |a 0000007906   |b Book   |c Children Collection   |e Cawangan Taman Universiti 
999 |a 0000007907   |b Book   |c Children Collection   |e Cawangan Taman Universiti 
999 |a 0000007908   |b Book   |c Children Collection   |e Cawangan Taman Universiti 
999 |a 0000920265   |b Book   |c Children Collection   |e Cawangan Bukit Gambir 
999 |a 0000920266   |b Book   |c Children Collection   |e Cawangan Bukit Gambir 
999 |a 0000920267   |b Book   |c Children Collection   |e Cawangan Bukit Gambir 
999 |a 0000929885   |b Book   |c Children Collection   |e Cawangan Tangkak 
999 |a 0000929886   |b Book   |c Children Collection   |e Cawangan Tangkak 
999 |a 000929887   |b Book   |c Children Collection   |e Cawangan Tangkak 
999 |a 00920265   |b Book   |c Children Collection   |e Cawangan Bukit Gambir